|
|
|
|
| LEADER |
00000nam2a2200000 4500 |
| 001 |
53120 |
| 005 |
20231031044553.0 |
| 035 |
|
|
|a (RuTPU)RU\TPU\book\55703
|
| 035 |
|
|
|a RU\TPU\book\55702
|
| 090 |
|
|
|a 53120
|
| 100 |
|
|
|a 20030613d1982 km y0rusy50 ca
|
| 101 |
0 |
|
|a rus
|
| 102 |
|
|
|a RU
|
| 105 |
|
|
|a a g 001zy
|
| 200 |
0 |
|
|a Т. 3. Кн. 2: Использование электрической энергии
|f сост. В. В. Москаленко и др.
|
| 210 |
|
|
|d 1982
|
| 215 |
|
|
|a 560 с.
|c ил.
|
| 461 |
|
1 |
|0 (RuTPU)RU\TPU\book\55699
|t Электротехнический справочник
|o В 3 т.
|f Под ред. И. Н. Орлова
|v Т. 3. Кн. 2: Использование электрической энергии
|e 6-е изд, испр. и доп.
|d 1980-
|
| 610 |
1 |
|
|a справочники
|
| 610 |
1 |
|
|a электротехника
|
| 610 |
1 |
|
|a электрическая энергия
|
| 610 |
1 |
|
|a использование
|
| 675 |
|
|
|a 621.3(035)
|v 3
|
| 702 |
|
1 |
|a Москаленко
|b В. В.
|4 220
|
| 702 |
|
1 |
|a Елисеев
|b В. А.
|4 220
|
| 702 |
|
1 |
|a Сиротин
|b А. А.
|4 220
|
| 801 |
|
1 |
|a RU
|b 63413507
|c 20030613
|g PSBO
|
| 801 |
|
2 |
|a RU
|b 63413507
|c 20210111
|g PSBO
|
| 942 |
|
|
|c BK
|